| 000 | 00526 a2200169 4500 | ||
|---|---|---|---|
| 999 |
_c461 _d461 |
||
| 008 | 220929b ||||| |||| 00| 0 eng d | ||
| 020 | _a9789332548909 | ||
| 082 | 0 | 0 |
_a658.4038 _bL372 |
| 100 |
_aLaudon, Kenneth C. _95249 |
||
| 245 |
_aManagement information systems: Managing the digital firm / _cby Kenneth C. Laudon and Jane P. Laudon |
||
| 250 | _a14th ed. | ||
| 260 |
_bPearson, _c2017. _aDelhi: |
||
| 300 | _axxx, 688 p. | ||
| 650 | 0 | _aManagement Information Systems | |
| 700 |
_95250 _aLaudon, Jane P. |
||
| 942 |
_2ddc _cBK |
||